The School community and the community, school culture, and organizational leadership/ (Record no. 364156)
[ view plain ]
| 000 -LEADER | |
|---|---|
| fixed length control field | 00545nam a2200133Ia 4500 |
| 008 - FIXED-LENGTH DATA ELEMENTS--GENERAL INFORMATION | |
| fixed length control field | 200909s9999 xx 000 0 und d |
| 020 ## - INTERNATIONAL STANDARD BOOK NUMBER | |
| International Standard Book Number | 978-621-04-0103-5 |
| 100 ## - MAIN ENTRY--PERSONAL NAME | |
| Personal name | Pawilen, Greg Tabios |
| 245 ## - TITLE STATEMENT | |
| Statement of responsibility, etc | Greg Tabios Pawilen, Ericson M. Reyes, John Amiel A. Rivera, Trixie Marie J. Sison |
| Title | The School community and the community, school culture, and organizational leadership/ |
| 260 ## - PUBLICATION, DISTRIBUTION, ETC. (IMPRINT) | |
| Place of publication, distribution, etc | Quezon City: |
| Name of publisher, distributor, etc | REX Bookstore |
| Date of publication, distribution, etc | 2019 |
| 300 ## - PHYSICAL DESCRIPTION | |
| Extent | vi, 99 pages |
| Dimensions | 25 cm. |
| 650 ## - SUBJECT ADDED ENTRY--TOPICAL TERM | |
| Topical term or geographic name as entry element | Educational leadership |
| 650 ## - SUBJECT ADDED ENTRY--TOPICAL TERM | |
| Topical term or geographic name as entry element | School management and organization |
| Withdrawn status | Lost status | Damaged status | Home library | Current library | Shelving location | Date acquired | Source of acquisition | Total Checkouts | Full call number | Barcode | Date last seen | Price effective from | Koha item type |
|---|---|---|---|---|---|---|---|---|---|---|---|---|---|
| College Library | College Library | Filipiniana Section | 09/09/2020 | LB 2805 .P339 2019 | C22335 | 09/09/2020 | 09/09/2020 | Books |